000 00589nam a2200193Ia 4500
003 GCL
008 140319s9999 xx 000 0 ara d
040 _aGCL /
_cGCL
082 0 4 _a811.1
_bا ش
100 1 _aابراهيم محمد قاسم
245 1 0 _aشاعر الحب والحرب عنترة بن شداد /
_cابراهيم محمد قاسم
300 _a265 ص
490 _aكتاب
_v0
650 0 4 _aالشعر العربى
650 0 4 _aالادب العربى
650 0 4 _aالعصر الجاهلى
650 0 4 _aالشعر العربى - تاريخ
942 _2ddc
_cBK
999 _c42006
_d42006